[Event "Rohde op 07th"]
[Site "Sautron"]
[Date "2007.11.01"]
[Round "7"]
[White "Malakhatko, Vadim"]
[Black "Abbasov, Farid"]
[Result "1/2-1/2"]
[WhiteElo "2603"]
[BlackElo "2507"]
[Annotator "RR"]
[PlyCount "59"]
[EventDate "2007.10.27"]
[EventType "swiss"]
[EventRounds "9"]
[EventCountry "FRA"]
[SourceTitle "EXT 2008"]
[Source "ChessBase"]
[SourceDate "2007.11.25"]
[SourceVersion "1"]
[SourceVersionDate "2007.11.25"]
[SourceQuality "1"]

1. d4 d5 2. Nf3 Nf6 3. c4 dxc4 4. Nc3 (4. e3 {la ligne principale du gambit
dame accepté}) 4... a6 {Un bon système face а Nc3, notamment parce que
beaucoup de joueurs vont répondre automatiquement par 5.a4} 5. e4 (5. a4 $143 {
le coup naturel 5.a4 est théoriquement moins précis} Nc6 $1 6. e4 Bg4 $132 {
[%csl Rd4]}) 5... b5 6. e5 Nd5 7. a4 (7. Ng5 $5 e6 (7... f6 8. Nge4 Nc6 $132)
8. Qh5 g6 9. Qf3 Qd7 $13) 7... e6 (7... Nxc3 8. bxc3 Qd5) (7... c6 {retombe
sur le gambit Slave D15} 8. axb5 Nxc3 9. bxc3 cxb5 10. Ng5) 8. axb5 Nb6 (8...
Bb4 {L'alternative qui mène а une position trés compliquée} 9. Qc2 Nb6 10. Qe4
Qd5 11. Qg4 {[%csl Rg7]} axb5 12. Rxa8 Qxa8 13. Be2 (13. Qxg7 $6 {Plus
personne n'ose prendre ce P car les noirs ont un sacrifice de R qui leur donne
une forte attaque} Qa1 $40 14. Qxh8+ Kd7 15. Kd1 (15. Kd2 {[%cal Gb2c3,Gd2c3]})
15... Bxc3 16. bxc3 {Komarov,D (2539)-Fominyh,A (2571) Golden Cleopatra op (10)
0-1}) 13... Rg8 (13... Kf8)) 9. Be3 $1 ({RR} 9. bxa6 Rxa6 10. Rxa6 Nxa6 (10...
Bxa6 {[%cal Gb8c6]}) 11. Be2 Bb7 12. O-O Be7 13. Be3 ({RR} 13. Na4 Qd5 14. Ne1
Qc6 15. Nxb6 cxb6 16. Bf3 Qd7 17. b3 cxb3 18. Qxb3 Bxf3 19. Nxf3 Nb4 20. Ba3
Nd5 21. Bxe7 Qxe7 22. Qa4+ Qd7 23. Qa8+ Qd8 24. Qc6+ Qd7 25. Qa8+) 13... O-O
14. Nd2 Qd7 ({RR} 14... c5 15. Nxc4 Nxc4 16. Bxc4 cxd4 17. Qxd4 Qxd4 18. Bxd4
Nb4 19. Bb6 Rc8 20. Be2 Bc5 21. Bxc5 Rxc5 22. f4 Kf8 23. Ra1 Nd5) 15. Nxc4 Nxc4
16. Bxc4 Qc6 17. Qf3 Qxc4 18. Qxb7 Rb8 19. Qf3 Rxb2 20. Ne4 Qd3 21. h3 h6 22.
Qg4 h5 23. Qf3 Nb4) ({RR} 9. Ng5 h6 10. Nge4 ({RR} 10. Qh5 g6 ({RR} 10... hxg5
11. Qxh8 Qxd4 12. Be2 Qxe5 13. O-O axb5 14. Rxa8 Nxa8 15. f4 gxf4 16. Bxf4 Qc5+
17. Kh1 Nd7 18. Ne4 Qd4 19. Ng5 Nf6 20. Bf3 Nb6 21. Bxc7 Qc5 22. Bxb6 Qxg5 23.
Bd4) 11. Qh3 Qxd4 12. Nf3 Qd8 13. Bg5 Be7 14. Rd1 N8d7 15. Ne4 Bxg5 16. Nfxg5
axb5 17. Nh7 Rxh7 18. Nf6+ Nxf6 19. Rxd8+ Kxd8 20. exf6 Nd5) 10... Bb7 11. Qg4
axb5 12. Rxa8 Bxa8 13. Nxb5 Qd7 14. Nbc3 Nc6 15. Be3 Nb4 16. Be2 Nc2+ 17. Kf1
Nd5 18. Bc1 Nxd4 19. Bxc4 Nb6 20. Ba2 Nf5 21. h4 Be7 22. Kg1 Qd4) ({RR} 9. Bg5
Be7 ({RR} 9... Qd7 10. bxa6 Rxa6 11. Rxa6 Nxa6 12. Be2 h6 13. Bh4 Bb7 14. O-O
g5 15. Bg3 Be7 16. b3 g4 17. Ne1 c5 18. bxc4 cxd4 19. Nb5 h5 20. Nd6+ Bxd6 21.
exd6 Qc6 22. Qxd4 Rg8 23. Qf6 Nc8 24. Bh4) 10. Bxe7 Qxe7 11. bxa6 Rxa6 12. Rxa6
Bxa6 13. Be2 O-O 14. O-O Nc6 15. Qb1 Rd8 16. Rd1 Bb7 17. Ne4 h6) ({RR} 9. Qc2
Bb7 10. Be2 Be7 11. O-O axb5 12. Rxa8 Bxa8 13. Nxb5 O-O 14. Rd1 Na6 15. Nc3 Nb4
16. Qb1 Qd7 17. Ne4 Qa4 18. Bg5 Bxg5 19. Nexg5 Qc2 20. Qxc2 Nxc2 21. Rc1 Nb4
22. Nd2 Rd8 23. Nxc4) ({RR} 9. Be2 Bb7 10. O-O axb5 ({RR} 10... Be7 11. Be3 O-O
12. bxa6 Rxa6 13. Rc1 Nc6 14. b3 cxb3 15. Qxb3 Ra3 16. Qb1 Nb4 17. Nb5 Ra2 18.
Rfe1 Rxe2 19. Rxe2 Ba6 20. Rb2 Bxb5 21. Rxb4 Bxb4 22. Ng5 Re8 23. Qxh7+ Kf8 24.
Ne4) 11. Rxa8 Bxa8 12. Nxb5 Be7 ({RR} 12... Qd7 13. Na3 Bd5 14. Qc2 Bxa3 15.
bxa3 Nc6 16. Rd1 Bxf3 17. Bxf3 Nxd4 18. Qe4 Nxf3+ 19. Qxf3 Qa4 20. Rd4 O-O 21.
h3 Qa5) 13. b3 cxb3 14. Qxb3 O-O 15. Ba3 Nc6 16. Rc1 Nd5 17. g3 Qd7 18. Bxe7
Ncxe7 19. Ng5 Rb8 20. Qd3 Ng6 21. Rc5) 9... Bb4 ({RR} 9... Bb7 {RR} 10. Nd2
axb5 11. Rxa8 Bxa8 12. Nxb5 Bb4 13. Qg4 Kf8 14. Nc3 h5 {1-0 Bocharov,D (2590)
-Grishchenko,S (2317)/Moscow 2006/CBM 110 ext}) ({RR} 9... Be7 10. Nd2 axb5 11.
Rxa8 Nxa8 12. Nxb5) (9... axb5 10. Rxa8 Nxa8 11. Nxb5 Nb6 12. Be2 Be7 13. O-O
O-O 14. Qc2 Nc6 15. Qe4 $14 {[%csl Rg7][%cal Ge4g4]}) 10. bxa6 ({RR} 10. Nd2
axb5 ({RR} 10... Bxc3 11. bxc3 axb5 12. Rxa8 Nxa8 13. Nxc4 $1 bxc4 14. Qa4+ {
[%cal Ga4a8,Ga4e8]} Bd7 15. Qxa8) ({RR} 10... Bb7) 11. Rxa8 Nxa8 12. Qg4 Kf8 ({
RR} 12... O-O 13. Bh6 g6 14. Bxf8) 13. Nxb5 Nb6 14. Nc3 Nc6 15. Be2 ({RR} 15.
Nxc4 Nd5 16. Bd2 Nde7 ({RR} 16... f5 17. exf6 Nxf6)) 15... h5 16. Qe4 ({RR} 16.
Qf4 Nd5) 16... Bb7 17. O-O g6 18. Bf3 ({RR} 18. Rd1 Nd5 19. Qc2 Nxe3 20. fxe3
Qg5) 18... Kg7 19. Qf4 Be7 ({RR} 19... Na5 20. Nde4 Nd5 21. Nxd5 exd5 22. e6)
20. Rd1 Ba8 ({RR} 20... Nd5 21. Bxd5 exd5 22. Qf3 Nb4 23. Nxc4 ({RR} 23. b3 Bc8
24. h3) 23... Bc8) 21. d5 g5 ({RR} 21... Nxd5 22. Nxd5 exd5 23. Nxc4 {RR} Nb4
24. e6) ({RR} 21... exd5 22. Bxb6 cxb6 23. Bxd5 Rf8 24. Nxc4) 22. Qg3 h4 23.
Qg4 ({RR} 23. Qh3) 23... Nxe5 24. Bd4 Bf6 {Kramnik,V (2765)-Kortschnoj,V (2635)
/Budapest 1996/CBM 056/[Kortschnoj,V/Ftacnik,L]/1-0 (49)} ({RR} 24... f6 25.
Bxe5 fxe5 26. dxe6)) 10... Rxa6 11. Rxa6 Nxa6 12. Qc2 $5 {reprenant l'idée
d'une nouveauté jouée cette année par VALLEJO PONS au tournoi de l'aeroflot
mais pas avec le même ordre de coups.} Bb7 13. Be2 Be7 $146 {[%cal Ga6b4]} (
13... O-O $143 14. Ng5 {[%cal Gc2h7]} g6 {[%csl Rf6,Rg7,Rh6]} 15. O-O $14 (15.
Nge4 $14 {[%cal Ge4f6]})) (13... c5 {Vallejo Pons,F (2679)-Yakovich,Y (2577)
Moscow Aeroflot op-A (6) 1/2}) 14. O-O Nb4 $132 {[%cal Gb4c2,Gb4d3]} 15. Qb1
Qa8 16. b3 $1 cxb3 17. Qxb3 O-O 18. Qb2 N4d5 19. Ra1 Qd8 20. Nxd5 Bxd5 21. Qc2
Ba8 22. Bd3 h6 23. Rc1 Nd5 {[%cal Gd5b4,Gb4d3,Gb4c2]} 24. Be4 Nb4 25. Qb1 Bxe4
26. Qxe4 Nd5 27. Bd2 Qa8 28. h4 $5 Rb8 29. Qg4 {[%cal Gd2h6,Gg4g7]} Kh7 30.
Qe4+ {Les blancs n'insistent pas mais ils n'ont pas obtenu grand chose dans la
partie et la variante noire est trés solide.} 1/2-1/2

[Event "Rohde op 12th"]
[Site "Sautron"]
[Date "2012.10.30"]
[Round "5"]
[White "Marholev, Dimitar"]
[Black "Rusev, Krasimir"]
[Result "0-1"]
[WhiteElo "2326"]
[BlackElo "2549"]
[Annotator "RR"]
[PlyCount "52"]
[EventDate "2012.10.27"]
[EventType "swiss"]
[EventRounds "9"]
[EventCountry "FRA"]
[SourceTitle "EXT 2014"]
[Source "ChessBase"]
[SourceDate "2013.11.20"]
[SourceVersion "1"]
[SourceVersionDate "2013.11.20"]
[SourceQuality "1"]
[TimeControl "40/5400+30:1800+30"]
[WhiteClock "1:30:00"]
[BlackClock "1:30:00"]

1. d4 {[%emt 0:00:00]} d5 {[%emt 0:00:00]} 2. c4 {[%emt 0:00:17]} dxc4 {
[%emt 0:00:00]} 3. Nf3 {[%emt 0:01:05]} c5 {[%emt 0:01:12]} 4. d5 {[%emt 0:01:
14]} Nf6 {[%emt 0:00:53]} 5. Nc3 {[%emt 0:01:46]} e6 {[%emt 0:01:56]} 6. e4 {
[%emt 0:02:10]} exd5 {[%emt 0:00:34]} (6... a6) 7. e5 {[%emt 0:05:21]} (7. exd5
) 7... d4 {[%emt 0:02:26]} (7... Nfd7 {La grande ligne et la poussée d4 est
assez risquée pour les Noirs} 8. Bg5 (8. Qxd5 Nb6 9. Qxd8+ Kxd8 10. Bg5+ Be7
11. O-O-O+ Ke8 12. Bxe7 Kxe7 13. Bxc4 $1 Nxc4 14. Nd5+ Kd7 15. Nb6+ {[%csl Rd7]
})) 8. Bxc4 {[%emt 0:11:33][%cal Gc4f7,Gd1d8]} Ng4 {[%emt 0:03:17]} (8... Be6
$6 9. Bxe6 fxe6 10. exf6) (8... dxc3 $6 9. Bxf7+ $40) 9. Ne4 $146 {[%emt 0:04:
31]} (9. Qb3 Qd7 10. h3 Nc6 11. hxg4 Na5 12. e6 ({RR} 12. Qb5 Nxc4 13. Qxc4
dxc3 14. Qxc3 Be7 15. g5 b6 16. O-O Qe6 17. Bf4 O-O 18. Nd2 Rd8 19. Rfe1 Bb7
20. Qg3 Rd4 21. Nf3 Rd3 22. Be3 Rad8 23. b3 Bf8 24. Rac1 a5 25. Rc4 Rd1 26.
Rxd1 Rxd1+ {Bronznik,V (2413)-David,V (2312)/Rochefort 2004/EXT 2005/0-1 (42)})
12... fxe6 13. Qb5 Nxc4 14. Qxc4 dxc3 15. Qxc3 Qa4 16. Bg5 Qb4 17. Qxb4 cxb4
18. Ne5 Bd7 19. Ng6 Rg8 20. Rxh7 Bc6 21. Kd2 Bc5 22. Re1 Bd5 23. b3 Bd6 {
Nagle,S (2375)-Danner,G (2393)/Budapest 2004/CBM 100 ext/1/2-1/2 (45)}) 9...
Nc6 {[%emt 0:01:48]} 10. Bf4 {[%emt 0:02:38]} (10. O-O $5 {[%csl Re8] Plus
souple} Ngxe5 (10... Ncxe5 11. Nxe5 Nxe5 12. Re1 Be7 (12... Nxc4 13. Nf6#) 13.
Nxc5 Nxc4 14. Qa4+ Bd7 15. Qxc4 O-O 16. Nxb7 Qb6 (16... Rc8) 17. Rxe7 Rae8 (
17... Qxb7 18. Qxd4) 18. Bg5 Qxb7 19. Rxe8 Rxe8 20. Qxd4 Bc6) 11. Re1 {[%cal
Ge1e8]} Be7 (11... Nxc4 12. Nf6#) 12. Nxe5 Nxe5 13. Nxc5 Nxc4 14. Qa4+ Bd7 15.
Qxc4 O-O 16. Nxb7 Qb6 17. Rxe7) (10. e6 $5 Bxe6 11. Bxe6 fxe6 12. Nfg5 Nf6 13.
Nxe6 Qe7 14. Nxf6+ Qxf6 15. O-O Qxe6 16. Re1 Ne5 17. Bf4 Bd6 18. Bxe5 Bxe5 19.
Qh5+ (19. f4) 19... g6 20. Qxe5 Qxe5 21. Rxe5+ Kd7 22. Rxc5 $11) 10... b5 $1 {
[%emt 0:20:51]} 11. Be2 {[%emt 0:10:06]} (11. Bxf7+ $6 Kxf7 12. Qb3+ c4 13.
Qxb5 Nb4 14. Qxc4+ Qd5) (11. Bg5 $5 Qa5+ 12. Bd2) 11... c4 {[%emt 0:04:44]} 12.
h3 {[%emt 0:02:20]} d3 $36 {[%emt 0:00:54]} 13. hxg4 {[%emt 0:00:57]} Bxg4 {
[%emt 0:02:05]} 14. Nd6+ {[%emt 0:02:28]} Bxd6 {[%emt 0:00:15]} 15. exd6 {
[%emt 0:00:09]} Nb4 {[%emt 0:05:02]} 16. O-O {[%emt 0:05:19]} O-O {[%emt 0:01:
15]} 17. a4 {[%emt 0:02:09]} Re8 $40 {[%emt 0:02:12]} 18. Bxd3 {[%emt 0:01:38]}
Nxd3 {[%emt 0:00:23]} 19. Bg3 {[%emt 0:00:11]} f5 $1 {[%emt 0:02:21][%cal
Gf5f4]} 20. axb5 {[%emt 0:00:27]} f4 $19 {[%emt 0:00:16]} 21. Qc2 {[%emt 0:05:
12]} Rc8 {[%emt 0:02:11]} 22. Bh4 {[%emt 0:00:09]} Qxd6 {[%emt 0:00:17]} 23.
Nh2 {[%emt 0:00:34]} Be2 {[%emt 0:00:35]} 24. Rfb1 {[%emt 0:00:34]} Qh6 {
[%emt 0:01:23]} 25. g3 {[%emt 0:00:48]} g5 {[%emt 0:00:42]} 26. Ra6 {[%emt 0:
00:37]} Qg7 {[%emt 0:00:48]} 0-1

[Event "POL-chT 66th"]
[Site "Katowice"]
[Date "2010.09.09"]
[Round "6"]
[White "Socko, Monika"]
[Black "Majdan, Joanna"]
[Result "1/2-1/2"]
[WhiteElo "2486"]
[BlackElo "2333"]
[Annotator "RR"]
[PlyCount "113"]
[EventDate "2010.09.04"]
[EventType "team-tourn"]
[EventRounds "9"]
[EventCountry "POL"]
[SourceTitle "EXT 2016"]
[Source "ChessBase"]
[SourceDate "2015.10.08"]
[SourceVersion "1"]
[SourceVersionDate "2015.10.08"]
[SourceQuality "1"]
[WhiteTeam "Katowice Szopienice"]
[BlackTeam "Lublin"]
[WhiteTeamCountry "POL"]
[BlackTeamCountry "POL"]

1. d4 d5 2. c4 dxc4 3. Nf3 a6 (3... Nf6 {La grande ligne}) 4. a4 (4. e4 $142 b5
5. a4) 4... Nf6 (4... Nc6 $142 $1 {[%csl Rb4]} 5. e3 Na5 $132 {[%cal Ga5c4];
Laznicka,V (2666)-Lupulescu,C (2630) Bundesliga 1415 2014 (9.2) 0-1}) 5. e3 Bg4
6. Bxc4 e6 7. Nc3 Nc6 $5 8. Be2 (8. h3 Bh5 9. O-O Bd6 10. Qe2 Qe7 11. Rd1 O-O
12. g4 Nxg4 13. hxg4 Bxg4 14. Kg2 f5 15. Rh1 Rf6 16. Qd1 f4 17. Ne4 Rg6 18. Kf1
Rf8 19. Be2 Nb4 20. Nxd6 Qxd6 21. exf4 Qd5 22. Ra3 Qe4 23. Rh4 Rd8 24. Re3 Qc6
25. Ne5 {1-0 (25) Wang,H (2696)-Zhou,W (2563) Xinghua Jiangsu 2009}) 8... Bd6
9. h3 Bh5 10. Nd2 Bxe2 11. Qxe2 e5 $11 12. dxe5 Nxe5 $146 (12... Bxe5 13. Nf3
O-O 14. O-O Re8 15. Nxe5 Rxe5 16. b3 Qd7 17. Bb2 Qe6 18. Nb5 axb5 19. axb5 Rxa1
20. Rxa1 Re4 21. bxc6 Qxc6 22. Qf3 Ne8 23. Ra4 Re6 24. Qxc6 Rxc6 25. Ra8 Re6
26. Rb8 b6 27. Kf1 f6 28. Ke2 Kf7 29. Bd4 Ke7 30. Kd3 Kd7 31. g4 Nd6 32. h4 Re8
33. Rxe8 Nxe8 34. e4 c5 35. Bc3 b5 36. f4 Nd6 37. h5 Ke7 38. Bd2 g6 39. hxg6
hxg6 40. Be3 c4+ 41. bxc4 {1/2-1/2 (41) Ragozin,V-Flohr,S Leningrad 1947}) 13.
O-O O-O 14. Nde4 Nxe4 15. Nxe4 Bb4 16. Rd1 Qe7 17. b3 Ng6 18. Ng3 Bd6 (18...
Bc3) 19. Nf5 $1 Qe5 {[%cal Ge5h2,Ge5a1]} 20. Nxd6 Qxa1 21. Bb2 Qa2 22. Qc2 cxd6
23. Qc3 (23. Rxd6 $2 Rac8 24. Qd2 Qb1+ 25. Kh2 Rc2 $19) 23... f6 24. Ra1 Rac8
25. Rxa2 Rxc3 26. Bxc3 Rc8 27. Bd2 Kf7 28. Kf1 Ke6 29. Ke2 d5 30. Ra1 Ne5 31.
Rc1 Rxc1 32. Bxc1 Nc6 33. Kd3 {Paradoxalement dans cette ouverture du gambit
dame accepté, les Noirs ont un P isolé} b5 34. axb5 axb5 35. Bb2 b4 {[%csl
Rc3]} 36. Bd4 g6 37. f3 f5 38. Bb6 Kd6 39. e4 fxe4+ 40. fxe4 dxe4+ 41. Kxe4 Ke6
42. g3 Kd6 43. g4 Ke6 44. Bc7 Kd7 45. Bf4 Ke6 46. Bd2 Kd6 47. Bh6 Kc5 48. Be3+
Kd6 49. Bb6 Ke6 50. Bc5 Na5 51. Bxb4 Nxb3 52. h4 h5 53. gxh5 gxh5 54. Bc3 Nc5+
55. Kf4 Nd3+ 56. Kg5 Ne5 57. Bxe5 1/2-1/2

[Event "Bad Zwesten op 10th"]
[Site "Bad Zwesten"]
[Date "2006.01.08"]
[Round "9"]
[White "Graf, Alexander"]
[Black "Van den Doel, Erik"]
[Result "0-1"]
[WhiteElo "2613"]
[BlackElo "2582"]
[Annotator "Van den Doel,E"]
[PlyCount "80"]
[EventDate "2006.01.02"]
[EventType "swiss"]
[EventRounds "9"]
[EventCountry "GER"]
[SourceTitle "EXT 2018"]
[Source "ChessBase"]
[SourceDate "2017.10.13"]
[SourceVersion "1"]
[SourceVersionDate "2017.10.13"]
[SourceQuality "1"]

{[%mdl 8192] This game was played in the last round of the Bad Zwesten Open.
Graf is a fighter pur sang and we both needed to win for a good prise, so it
was clear a tough fight was ahead.} 1. d4 d5 2. c4 dxc4 3. Nf3 e6 4. Nc3 a6 5.
Bg5 {Graf likes to play sidelines.} Nf6 (5... Be7 6. Bxe7 Qxe7 (6... Nxe7 7. e3
b5 8. a4 b4 9. Ne4 {gives with a slight plus.}) 7. Qa4+ {is slightly better
for White.}) 6. e3 b5 7. a4 b4 8. Na2 (8. Ne4 {is better.}) 8... Bb7 (8... Qd5
9. Qc1 c3 {would have been interesting. I just wanted to play solid though.})
9. Bxc4 Nbd7 10. O-O Bd6 11. Nc1 c5 12. Nb3 cxd4 13. Nbxd4 (13. Qxd4 Qb8 {
followed by castling gives Black a comfortable game.}) 13... Qe7 14. Nb3 O-O
15. Qe2 Bxf3 16. gxf3 (16. Qxf3 {was better, not weakening the pawn structure.
After} Ne5 17. Qe2 Nxc4 18. Qxc4 Rfc8 19. Qe2 {White has chances to play
against Black's slightly weak queenside.}) 16... Ne5 17. Rfd1 (17. Bxa6 Rxa6
18. f4 Rfa8 {is ok for Black.}) 17... Qb7 18. Nd2 $6 (18. Kg2 Nxc4 19. Bxf6
gxf6 20. Qxc4 Rac8 {is equal.}) 18... Be7 19. Bxf6 gxf6 {Blach has aggressive
intentions on the g-file.} 20. f4 Kh8 21. Qh5 $4 (21. f3 Nxc4 22. Nxc4 b3 {
is slightly better for Black.}) 21... Rg8+ (21... Nxc4 22. Nxc4 Rac8 {is much
better for Black.} 23. b3 (23. Rac1 Rc5 24. Qh3 b3 {and White will collapse on
the c- and g-files.}) 23... Rc5 24. Qh3 Rg8+ 25. Kf1 Rxc4 26. bxc4 Qe4 27. Rac1
b3 {winning.}) 22. Kf1 Ng4 $2 (22... Nxc4 {is winning. See previous note.}) 23.
Ke2 f5 24. h3 $4 (24. Qh3 Rad8 {is slightly better for Black.}) 24... Nxf2 $1 {
Now I smelled blood.} 25. Kxf2 Qg2+ 26. Ke1 Qg3+ 27. Ke2 Rad8 28. Nf1 (28. Rf1
Bh4 29. Qf3 Qh2+ {wins.}) 28... Qg2+ 29. Ke1 b3 $3 {Making space for a
devastating check at b4.} 30. Rd2 Rxd2 31. Nxd2 Bb4 32. Rd1 {Now I did not
play the most efficient moves due to time trouble.} Rd8 (32... Rg3 33. Qe2 Qg1+
34. Qf1 Qxe3+ 35. Be2 Rg1 {was simpler.}) 33. Qe2 $19 Qg1+ 34. Qf1 Qxe3+ 35.
Qe2 Qg1+ 36. Qf1 Qe3+ 37. Qe2 Qxf4 38. Bxa6 Qd4 (38... Rg8 39. Qf2 Qe4+ 40. Kf1
Bxd2 41. Rxd2 Qh1+ 42. Ke2 Rg2 {was also winning.}) 39. Bb7 Qg1+ 40. Qf1 Bxd2+
(40... Bxd2+ 41. Rxd2 Qxf1+ 42. Kxf1 Rxd2) 0-1